00733 2200205 4500001002100000005001500021035002000036007000300056008004100059020001800100082001100118084001700129100001800146245009000164260004200254500018300296650002200479856001700501990000900518INLIS00000000000023720220314071206 a0010-0322000035ta220314 g 0 ind  a9786025964107 a297.63 a297.63 YAN m0 aYanuar Arifin1 aMuhammad The Great Leader :bKisah -Kisah kemuliaan Nabi Muhammad dan Kepemimpinannya aKlaten :bCaesar Media Pustaka,c2019 aKisah hidup beliau, baginda Nabi Muhammad SAW memang menakjubkan. setiap kisah beliau merupakan momen bersejarah bagi kebangkitan dan kemajuan umat islam diseluruh penjuru dunia. 4aNabi Muhammad SAW aKoleksi Umum a5474